| 000 | 00338nam a22001337a 4500 | ||
|---|---|---|---|
| 082 |
_a681.76 _bKAT _cL-15, P-41 |
||
| 100 |
_aKatayev, F. _945081 |
||
| 245 | _aRoad marking machinery | ||
| 260 |
_aMoscow _bMir publisher |
||
| 300 |
_a692 p. _billus. |
||
| 526 |
_a0 _b0 _c0 _d681_760000000000000_KAT |
||
| 650 |
_aMCE _9379 |
||
| 942 |
_2ddc _cBK |
||
| 999 |
_c548681 _d548681 |
||